000 01355cam a2200145 4500500
005 20251214005108.0
041 _afre
042 _adc
100 1 0 _aCervulle, Maxime
_eauthor
700 1 0 _aQuemener, Nelly
_eauthor
245 0 0 _aCultural Studies : Théories et méthodes
260 _bArmand Colin,
_c2018.
520 _aQu’est-ce que la culture ? Et quels sont les ressorts culturels du changement social ? Le projet critique des Cultural Studies, qui émerge en Grande-Bretagne dans les années 1960 avant de s’internationaliser, est sous-tendu par ce questionnement. L’un de ses traits distinctifs est une définition anthropologique de la culture, mobilisée pour embrasser une multitude d’objets : des représentations médiatiques aux pratiques des publics, des modes de vie aux styles, des identités aux performances. Ces objets sont appréhendés comme autant de lieux de conflictualité, qui activent et déplacent les rapports sociaux de classe, de genre, de race et de sexualité. En dressant un panorama des multiples champs d’étude qui se sont développés dans le sillage des Cultural Studies, cet ouvrage rend compte de leurs apports théoriques et méthodologiques pour les sciences humaines et sociales.
856 4 1 _uhttps://shs.cairn.info/cultural-studies--9782200621650?lang=fr&redirect-ssocas=7080
999 _c1568662
_d1568662